Дело об избрании господина министра в число членов-корреспондентов Афинского археологического общества; здесь же о пожаловании с...

Доступно только в Электронных читальных залах Найти на картеНа карте
RUSMARC
00003937nmc2a22002533x 450
0018c57e889-6b34-4ed4-be6b-306a42e1e0c4
00520251023202940.0
100##$a20250505l18491849k l0rusy0189 ca
1010#$arus
$afre
102##$aRU
105##$ay###
1222#$ad
2001#$aДело об избрании господина министра в число членов-корреспондентов Афинского археологического общества; здесь же о пожаловании секретарю этого общества Ризо-Рангави установленной для иностранцев золотой медали большого размера за представленное государю императору сочинение его о греческих древностях
$j12 января - 16 сентября 1849 г.
215##$a20 л.
$d36,5х26 см
251##$cДело
300##$aНа обложке указано: "№3"
300##$aНа русском и французском языках
371##$aДокумент не является опубликованным и широко распространяемым
461#0$10012b5b8419-5ce4-4d16-a7a3-85720a295f1f
$12001
$aКанцелярия министра народного просвещения
$1251
$cФонд
$1852
$j735
462#0$1001562cc287-b13c-4f02-8029-f81535ba1e2e
$12001
$aКанцелярия министра народного просвещения
$1251
$cОпись
$1852
$j2
801#0$aRU
$bРГИА
$c20250505
$gRCR
801#1$aRU
$bГлавНИВЦ
$c20250505
$2rusmarc
801#2$aRU
$bПБ им. Б.Н. Ельцина
$c20251023
$gRCR
$2rusmarc
850##$aРГИА
852##$aРГИА
$eФедеральное казенное учреждение "Российский государственный исторический архив" (РГИА)
$j724
937##$hРГИА
$d12421643
$aASBIBLIO_SCAN
035##$aRusGRCC00085713
856##$uhttp://readingroom.main.prlib.ru/item.aspx?id_node=n198643344&mode=full
Формат отображения